Polskie Zespoły A-Ż - Statystyki

Ogólne statystyki
  • Ten quiz został rozwiązany 426 razy
  • Średni wynik to 15 z 29
Statystyki odpowiedzi
Litera Piosenki Zespół % Poprawnych
L Kryzysowa narzeczona; Zawsze tam gdzie ty; Mniej niż zero Lady Pank
90%
D Whisky; Czerwony jak cegła; Skazany na bluesa Dżem
89%
G Ściernisco; Pędzą konie; Lornetka Golec uOrkiestra
88%
K Słodkiego, miłego życia; Black And White; Nasze Randez-Vous Kombi
85%
E Co ty tutaj robisz; Dzieci wybiegły; Kiler Elektryczne Gitary
81%
W Son of the Blue Sky; Na zawsze i na wieczność; Baśka Wilki
81%
B Takie tango; Martwe morze; Za ostatni grosz Budka Suflera
79%
F A gdy jest już ciemno; Jak anioła głos; No pokaż na co cię stać Feel
79%
I Zawsze z tobą chciałbym być; Powiedz; Babski świat Ich Troje
79%
M Szare miraże; Krakowski spleen; Lipstick On The Glass Maanam
75%
J Pull Up; Rewolucje; Policeman Jamal
71%
Ł Zbuntowany anioł; Ona czuje we mnie piniądz; Yakuza Łobuzy
68%
O Kiedy powiem sobie dość; Niekochana; Drzwi O.N.A.
67%
H Zazdrość; Moja i twoja nadzieja; Teksański Hey
65%
R Mamona; Biała flaga; Odchodząc Republika
64%
Z Boso; Galop; Bóg wie gdzie Zakopower
64%
V Wszystko jedno; Środa Czwartek; Papieros Video
61%
A Radio Song; Mental House; Odpowiedz Afromental
53%
P Niewiara; Kocham się w tobie; Ona jest taka cudowna Piękni i Młodzi
51%
T Znamy się tylko z widzenia; Cóż wiemy o miłości; Kasia Trubadurzy
37%
S Lato w Kołobrzegu; Nadzieja; American Boy Skaner
25%
C Zaklęty krąg; Do niej; Iluzja Cugowscy
10%
N Nie ma mowy; Do stracenia; Patologia Normalsi
4%
Q Od A do Zet; Keep It Original; I Fell In Love Queens
3%
Ź Dispersion Star; 10 w Skali Beauforta; She Loves You Żuki
3%
Ś Niby razem; Duch podróży; Bez hamulców Ścigani
1%
X Story; Give U The World; Rescue Me XXANAXX
1%
U Here I Go Again; Chameleon; Magic Urbanator
0%
Y Life Is Easier Than You Think; First Not Last; Man Of Tra Young Power
0%
Nie znaleziono quizów pasujących do podanych kryteriów
Rozkład punktacji
Procent ludzi z każdym wynikiem
Percentyl według liczby udzielonych odpowiedzi
Twoja historia wyników
Nie rozwiązałeś tego quizu